El ganado lechero / (Record no. 166845)
[ view plain ]
| 000 -CABECERA | |
|---|---|
| campo de control de longitud fija | 00751nam a2200301Ia 4500 |
| 001 - NÚMERO DE CONTROL | |
| campo de control | Z_3765 |
| 003 - IDENTIFICADOR DEL NÚMERO DE CONTROL | |
| campo de control | CHAP |
| 008 - DATOS DE LONGITUD FIJA--INFORMACIÓN GENERAL | |
| campo de control de longitud fija | 220113s1981 xx 000 0 und d |
| 010 ## - NÚMERO DE CONTROL DE LA BIBLIOTECA DEL CONGRESO | |
| Número de control de LC | 166845 |
| 040 ## - FUENTE DE LA CATALOGACIÓN | |
| Centro/agencia transcriptor | CHAP |
| 082 ## - NÚMERO DE LA CLASIFICACIÓN DECIMAL DEWEY | |
| Número de clasificación | 636.214 V3 |
| 100 ## - ENTRADA PRINCIPAL--NOMBRE DE PERSONA | |
| Nombre de persona | Vassallo Muñiz, Carlos César |
| 9 (RLIN) | 118185 |
| 245 ## - MENCIÓN DE TÍTULO | |
| Título | El ganado lechero / |
| Mención de responsabilidad, etc. | por Carlos C Vasallo Muñiz |
| 260 ## - PUBLICACIÓN, DISTRIBUCIÓN, ETC. | |
| Lugar de publicación, distribución, etc. | Chapingo, Méx. : |
| Nombre del editor, distribuidor, etc. | UACH. Departamento de Zootecnia, |
| Fecha de publicación, distribución, etc. | 1981 |
| 300 ## - DESCRIPCIÓN FÍSICA | |
| Extensión | 2 v. |
| 440 ## - MENCIÓN DE SERIE/PUNTO DE ACCESO ADICIONAL--TÍTULO | |
| Título | |
| 500 ## - NOTA GENERAL | |
| Nota general | |
| 503 ## - NOTA DE HISTORIA BIBLIOGRÁFICA (BK CF MU) [OBSOLETO] | |
| Nota de historia bibliográfica | |
| 650 ## - PUNTO DE ACCESO ADICIONAL DE MATERIA--TÉRMINO DE MATERIA | |
| Término de materia o nombre geográfico como elemento de entrada | Ganado lechero |
| Subdivisión general | Manejo |
| 9 (RLIN) | 140018 |
| 650 ## - PUNTO DE ACCESO ADICIONAL DE MATERIA--TÉRMINO DE MATERIA | |
| Término de materia o nombre geográfico como elemento de entrada | Ganado lechero |
| Subdivisión general | México |
| 9 (RLIN) | 137717 |
| 650 ## - PUNTO DE ACCESO ADICIONAL DE MATERIA--TÉRMINO DE MATERIA | |
| Término de materia o nombre geográfico como elemento de entrada | México |
| Subdivisión general | Ganado lechero |
| 9 (RLIN) | 137879 |
| 901 ## - ELEMENTOS DE DATOS A LOCAL LDA (RLIN) | |
| a | 636.214 V3 |
| 902 ## - ELEMENTOS DE DATOS B LOCAL, LDB (RLIN) | |
| a | A |
| 910 ## - DATOS DE OPCIÓN DEL USUARIO (OCLC) | |
| Datos de opción del usuario | 1981 |
| 942 ## - ELEMENTOS DE PUNTO DE ACCESO ADICIONAL (KOHA) | |
| Tipo de ítem Koha | Libro_ |
| 942 ## - ELEMENTOS DE PUNTO DE ACCESO ADICIONAL (KOHA) | |
| Tipo de ítem Koha | |
| Estado de retiro | Estado de pérdida | Fuente del sistema de clasificación o colocación | Estado dañado | Restricciones de uso | No para préstamo | Código de colección | Localización permanente | Ubicación/localización actual | Fecha de adquisición | Enumeración/cronología de publicación seriada | Signatura topográfica completa | Código de barras | Fecha visto por última vez | Número de copia | Precio válido a partir de | Tipo de ítem Koha | Total de préstamos | En préstamo | Fecha del último préstamo |
|---|---|---|---|---|---|---|---|---|---|---|---|---|---|---|---|---|---|---|---|
| Dewey Decimal Classification | Préstamo 5 días | General | Zootecnia | Zootecnia | 11/11/2011 | Volumen: 2 | 636.214 V3 | z_2298 | 18/01/2022 | Ej.5 V.2 | 18/01/2022 | Libro | |||||||
| Dewey Decimal Classification | Préstamo interno | General | Zootecnia | Zootecnia | 26/10/2009 | Volumen: 1 | 636.214 V3 | z_4120 | 18/01/2022 | Ej.1 V.1 | 18/01/2022 | Libro | |||||||
| Dewey Decimal Classification | Préstamo 5 días | General | Zootecnia | Zootecnia | 29/09/2023 | Volumen: 1 | 636.214 V3 | z_2499 | 29/09/2023 | Ej.2 V.1 | 29/09/2023 | Libro | 1 | 06/10/2023 | 29/09/2023 | ||||
| Dewey Decimal Classification | Préstamo 5 días | General | Zootecnia | Zootecnia | 29/09/2023 | Volumen: 2 | 636.214 V3 | z_2504 | 29/09/2023 | Ej.4 V.2 | 29/09/2023 | Libro | 1 | 06/10/2023 | 29/09/2023 |
